|
|
|
|
| LEADER |
00000nam a22000007a 4500 |
| 005 |
20150707134833.0 |
| 007 |
cr|||| |||| |
| 008 |
150707s2015 mx |||||s|||| 00||0 spa d |
| 020 |
|
|
|a 978-607-440-787-7
|
| 035 |
|
|
|a 12751
|
| 040 |
|
|
|a vLex
|
| 090 |
|
|
|c 5482
|d 5482
|
| 100 |
1 |
|
|a Přez Chavez, Još
|
| 245 |
1 |
0 |
|a Escuelas
|h [Recurso electrn̤ico] :
|b Tratamiento fiscal, laboral y de seguridad social 2015 /
|c Jos ̌Přez Chavez, Raymundo Fol Olguin
|
| 256 |
|
|
|a Servicio en ln̕ea
|
| 260 |
|
|
|a Mx̌ico D.F.:
|b Tax Editores,
|c 2015
|
| 300 |
|
|
|a 1 recurso electrn̤ico
|
| 506 |
1 |
|
|a Contenido disponible en los productos indicados
|d vLex Global
|d vLex Global (Academic Edition, excluding Law Schools)
|d vLex Global (U.S. Academic Edition, Law Schools)
|d vLex Global (U.S. Academic Edition, excluding Law Schools)
|d vLex Global (Academic Edition, Law Schools)
|
| 650 |
0 |
4 |
|a Escuelas
|x Impuestos
|z Mx̌ico
|
| 700 |
1 |
|
|a Fol Olguin, Raymundo
|
| 740 |
0 |
|
|a vLex Libros (Servicio en ln̕ea)
|
| 856 |
4 |
0 |
|u http://vlex.com/source/escuelas-tratamiento-fiscal-laboral-y-de-seguridad-social-2015-12751
|z Acceso restringido
|
| 942 |
|
|
|c BOOK
|